College algebra / (Record no. 10541)
[ view plain ]
| 000 -LEADER | |
|---|---|
| fixed length control field | 00429fam a2200157 a 4500 |
| 020 ## - INTERNATIONAL STANDARD BOOK NUMBER | |
| International Standard Book Number | 0558087477 |
| 050 00 - LIBRARY OF CONGRESS CALL NUMBER | |
| Classification number | QA154.2 |
| Item number | .S842 2008 |
| 100 1# - MAIN ENTRY--PERSONAL NAME | |
| Personal name | Sullivan, Michael, |
| Dates associated with a name | 1942- |
| 245 10 - TITLE STATEMENT | |
| Title | College algebra : |
| Statement of responsibility, etc. | Michael Sullivan. |
| 250 ## - EDITION STATEMENT | |
| Edition statement | 8th ed. |
| 260 ## - PUBLICATION, DISTRIBUTION, ETC. (IMPRINT) | |
| Place of publication, distribution, etc. | Noston, N.J. : |
| Name of publisher, distributor, etc. | Custom publishing, |
| Date of publication, distribution, etc. | c2008. |
| 300 ## - PHYSICAL DESCRIPTION | |
| Extent | 1 v. (various pagings) : |
| 500 ## - GENERAL NOTE | |
| General note | Includes index. |
| 700 1# - ADDED ENTRY--PERSONAL NAME | |
| Personal name | Sullivan, Michael, |
| 942 ## - ADDED ENTRY ELEMENTS (KOHA) | |
| Source of classification or shelving scheme | Library of Congress Classification |
| Koha item type | General circulation |
| Withdrawn status | Lost status | Source of classification or shelving scheme | Damaged status | Not for loan | Home library | Current library | Shelving location | Date acquired | Total Checkouts | Full call number | Barcode | Date last seen | Price effective from | Koha item type |
|---|---|---|---|---|---|---|---|---|---|---|---|---|---|---|
| Library of Congress Classification | Kitui Town Campus Library | Kitui Town Campus Library | General Stacks | 06/02/2016 | QA 154.2 .S842 2008 | 2025/029123 | 06/02/2016 | 06/02/2016 | General circulation |